Gramática de la lengua castellana destinada al uso de los americanos.
Guardat en:
| Autor principal: | |
|---|---|
| Altres autors: | |
| Format: | Llibre |
| Publicat: |
Santa Cruz de Tenerife, España:
Instituto Universitario de Lingüistica Andrés Bello, Cabildo Insular de Tenerife;
1981.
|
| Matèries: | |
| Etiquetes: |
Afegir etiqueta
Sense etiquetes, Sigues el primer a etiquetar aquest registre!
|
MARC
| LEADER | 00000nam a2200000 a 4500 | ||
|---|---|---|---|
| 001 | UCJ1809 | ||
| 003 | CL-VaPUC | ||
| 005 | 20220822114557.0 | ||
| 008 | 220708t1981 ||||| |||| 00| 0 eng d | ||
| 999 | |c 436852 |d 436850 | ||
| 020 | |a 84-500-4817-6 | ||
| 040 | |c Pontificia Universidad Católica de Valparaíso | ||
| 082 | 0 | 4 | |a 465 BEL 1981 |2 21 |
| 100 | 0 | |a Bello, Andrés |e autor |9 502535 | |
| 245 | 1 | 0 | |a Gramática de la lengua castellana destinada al uso de los americanos. |
| 260 | |a Santa Cruz de Tenerife, España: |b Instituto Universitario de Lingüistica Andrés Bello, |b Cabildo Insular de Tenerife; |c 1981. | ||
| 300 | |a 814 páginas. | ||
| 500 | |a c.1- Donación Familia Prof. Alejandro Guzmán Brito. | ||
| 583 | |a last modification |c 20061117 00:00:00 |k Catalogador Asistente | ||
| 650 | 0 | |a Gramática |9 270497 | |
| 650 | 7 | |a Lingüística descriptiva |2 CL-VaPUC |9 502536 | |
| 650 | 0 | |a Filología |9 321245 | |
| 650 | 0 | |a Morfología |9 334440 | |
| 650 | 0 | |a Sintaxis |9 318843 | |
| 650 | 0 | |a Idioma español |9 309143 | |
| 650 | 7 | |a Lenguas romances |2 CL-VaPUC |9 346632 | |
| 700 | |a Trujillo, Ramón |e edición crítica |9 872504 | ||
| 942 | |c BK |2 ddc |n 0 | ||
| 945 | |d 20061117 00:00:00 |a cmena | ||
| 952 | |0 0 |1 0 |2 ddc |4 0 |6 465_000000000000000_BEL_1981 |7 0 |8 C_AGB |9 584581 |a BIBDER |b BIBDER |d 2022-07-08 |e Donación |i 5652733 |o 465 BEL 1981 |p 5652733 |r 2023-01-25 |t 1 |w 2022-07-08 |y BK_US |k AGB | ||